Catálogo

PALMA DE MALLORCA MONUMENTAL (Registro nro. 4586)

Detalles MARC
000 -LEADER
fixed length control field 00442nam a2200157 a 4500
001 - CONTROL NUMBER
control field 4586
005 - DATE AND TIME OF LATEST TRANSACTION
control field 20180713184444.0
008 - FIXED-LENGTH DATA ELEMENTS--GENERAL INFORMATION
fixed length control field 140415s1958 000 0 spa d
041 ## - LANGUAGE CODE
Language code of text/sound track or separate title spa
082 ## - DEWEY DECIMAL CLASSIFICATION NUMBER
Classification number 720.46
Item number MAT
100 1# - MAIN ENTRY--PERSONAL NAME
Personal name MATHEU MULET, PEDRO ANTONIO
245 10 - TITLE STATEMENT
Title PALMA DE MALLORCA MONUMENTAL
260 ## - PUBLICATION, DISTRIBUTION, ETC.
Place of publication, distribution, etc. [s.l.] :
Name of publisher, distributor, etc. PLUS ULTRA,
Date of publication, distribution, etc. 1958
490 ## - SERIES STATEMENT
Series statement LOS MONUMENTOS CARDINALES DE ESPAÑA
650 14 - SUBJECT ADDED ENTRY--TOPICAL TERM
Topical term or geographic name entry element MONUMENTOS
General subdivision ESPAA
Existencias
Withdrawn status Lost status Source of classification or shelving scheme Damaged status Not for loan Collection code Home library Current library Shelving location Date acquired Source of acquisition Inventory number Total Checkouts Full call number Barcode Date last seen Price effective from Koha item type
    Dewey Decimal Classification     General Biblioteca Karol Wojtyla Biblioteca Karol Wojtyla Sala general 03/12/2013 Compra 151000000000000000027866   720.46 MAT 16099 05/01/2026 03/12/2013 Libro